01786nab a22002777a 4500999001500000003000400015005001700019008004100036040000700077100003900084245023600123260007200359300001300431500003800444505058600482505008901068650002601157650003001183650003101213650002401244650001601268650003601284650003101320773014401351942001301495 c5706d5706OSt20251230232555.0190605e xxu||||| |||| 00| 0 spa d cPJ 91443aConfalonieri, Juan Angel (h)13aLa proyección de los efectos derogatorios de las sanciones de acciones disvaliosas en el derecho privado. En particular, la aplicación en el tiempo de los artículos 99 y 100 de la ley 27.742 /cJuan Ángel Confalonieri (h.)  aCiudad Autónoma de Buenos Aires :bThomson Reuters La Ley,c2024. ap. 13-25 aCita: TR LALEY AR/DOC/2109/2024  aSumario: I. Introducción.— II. Las reglas del art. 7° del Código Civil y Comercial.— III. Los requisitos para la procedencia de las "indemnizaciones" y de la presunción de temeridad y malicia del empleador en las normas derogadas.— IV. Los argumentos a favor de la aplicación retroactiva —no inmediata— de los arts. 99 y 100 de la ley 27.742.— V. Crítica a la aplicación retroactiva —no inmediata— de los arts. 99 y 100 de la ley 27.742.— VI. Una breve observación a "Correa Baier".— VII. Conclusiones (la casuística).— VIII. Bibliografía.  t¿Te interesa el texto completo? Solicitalo al correo: koha@justierradelfuego.gov.ar 091316aDERECHO LABORAL 091323aCONTRATO DE TRABAJO 091803aRELACIONES LABORALES 091382aINDEMNIZACION 092488aMULTA 094428aRELACIÓN DE DEPENDENCIA 094429aEMPLEO NO REGISTRADO0 0271193168dCiudad Autónoma de Buenos Aires : Thomson Reuters La Ley, 1999-2002.tRevista de derecho del trabajo. Nº 5 - Septiembre 2024 2udccANA